| 000 | 00454nam a2200169Ia 4500 | ||
|---|---|---|---|
| 003 | 0STCL | ||
| 008 | 150530s9999 xx 000 0 und d | ||
| 040 |
_aSTCL _cSTCL |
||
| 100 | _aJagdish Bhagwati; Richard Eckaus, S. | ||
| 245 | _aDevelopment and planning essays in honour of Paul Rosenstein Rodan | ||
| 250 | _aFirst | ||
| 260 |
_bGeorge Allen and Unwin _c1972 |
||
| 546 | _aEnglish | ||
| 942 |
_2ddc _cBK |
||
| 999 |
_c12573 _d12573 |
||
| 005 | 20220125165627.0 | ||